000 00711cam a2200265 4500
001 J87449
008 090401t1997 xxu||||| |||| 00| 0 eng d
035 _a(Sirsi) u81845
041 _aeng
050 _a692.8
100 _aRumble, P.
245 3 _aAn elemental approach to design and build contracts.
260 _aAscot, Berks.
_bCIOB
_c1997
300 _a4p. ; 30cm.
350 _a5
490 _aConstruction Papers
_v79
650 _aDESIGN AND BUILD CONTRACTS
650 _aSTANDARD ELEMENTS
650 _aTENDERING
690 _aBUILT ENVIRONMENT-BUILDING CONTRACT FORMS
700 _aMartin, J.
710 _aChartered Institute of Building
_92134
942 _n0
948 _c31/10/1997
999 _c96755
_d96755